LEADER 01042nam0 2200265 450 001 000028189 005 20110321140622.0 010 $a9788820341329 100 $a20110321d2010----km-y0itay50------ba 101 0 $aita 102 $aIT 105 $ay-------001yy 200 1 $aManuale del termotecnico$efondamenti, riscaldamento, condizionamento, refrigerazione, risorse energetiche$fNicola Rossi 205 $a3. ed.$b2. rist. 210 $aMilano$cU. Hoepli$d2010 215 $aLXXXI, 1972 p.$cill.$d22 cm 500 10$aManuale del termotecnico: fondamenti, riscaldamento, condizionamento, refrigerazione, risorse energetiche$942140 610 1 $aTermotecnica$aManuali 676 $a621.402$v21$9Ingegneria termica 700 1$aRossi,$bNicola$c<1933- >$4070$0307789 801 0$aIT$bUNIPARTHENOPE$c20110321$gRICA$2UNIMARC 912 $a000028189 951 $aP1 621-M/45$b42922$cPIST$d2011 996 $aManuale del termotecnico: fondamenti, riscaldamento, condizionamento, refrigerazione, risorse energetiche$942140 997 $aUNIPARTHENOPE LEADER 01520nam0 22003251i 450 001 UON00212413 005 20231205103340.175 010 $a88-7119-790-9 100 $a20030730d1995 |0itac50 ba 101 $aita 102 $aIT 105 $a|||| ||||| 200 1 $aDialetti e lingue nazionali$eatti del 27. Congresso della Società di linguistica italiana$eLecce, 28-30 ottobre 1993$fSLI, Società di linguistica italiana$ga cura di Maria Teresa Romanello, Immacolata Tempesta 210 $aRoma$cBulzoni$d1995. 480 p. ; 21 cm 410 1$1001UON00067620$12001 $aPubblicazioni della Societa' di linguistica italiana$v35 606 $aCongressi$xLecce$x1993$3UONC044540$2FI 606 $aDIALETTI ITALIANI$xCONGRESSI$x1993$3UONC044539$2FI 606 $aLingua italiana$xDialetti$3UONC039471$2FI 620 $aIT$dRoma$3UONL000004 676 $a457$cLingua italiana. Varianti storiche e geografiche, varianti non geografiche moderne$v21 702 1$aROMANELLO$bMaria Teresa$3UONV009240 702 1$aTEMPESTA$bImmacolata$3UONV009241 710 02$aSocietà di Linguistica Italiana$3UONV053520$0330439 712 $aBulzoni$3UONV265597$4650 801 $aIT$bSOL$c20250606$gRICA 899 $aSIBA - SISTEMA BIBLIOTECARIO DI ATENEO$2UONSI 912 $aUON00212413 950 $aSIBA - SISTEMA BIBLIOTECARIO DI ATENEO$dSI Fil.R II non disponibile $eSI LO 63558 5 non disponibile 996 $aDialetti e lingue nazionali$978201 997 $aUNIOR